| 000 | 00722nam a2200205 a 4500 | ||
|---|---|---|---|
| 001 | 000036474 | ||
| 005 | 20200930075742.0 | ||
| 008 | 120118s1987 mx a 000 0 spa d | ||
| 020 | _a9681814398 | ||
| 040 |
_aDO-SdBNP _bspa _cBNPHU |
||
| 082 |
_axxx _bG761s |
||
| 100 | 1 |
_aGrant, Harvey D. _962699 |
|
| 240 | 1 | 0 |
_aEmergency Care _lespañol |
| 245 | 1 | 0 |
_aServicios médicos de urgencia y rescate / _cHarvey D. Grant, Robert H. Murray Jr. ; versión española Humberto Aceves López ; prólogo Robert E. Motley. |
| 260 |
_aMéxico : _bLimusa, _c1987. |
||
| 300 |
_a626 p. : _bil. ; _c28 cm. |
||
| 700 | 1 |
_aMurray, Robert H. _962700 |
|
| 700 | 1 |
_aAceves López, Humberto _962701 |
|
| 700 | 1 |
_aMotley, Robert E., _epról. _962702 |
|
| 999 |
_c35965 _d35965 |
||